Синхронные реактивные двигатели

Xehetasun bibliografikoak
Egile nagusia: Постников И. М. Иван Матвеевич
Beste egile batzuk: Ралле В. В. Виктор Владимирович
Hizkuntza:errusiera
Argitaratua: Киев, Технiка, 1970
Gaiak:
Formatua: MixedMaterials Liburua
KOHA link:https://koha.lib.tpu.ru/cgi-bin/koha/opac-detail.pl?biblionumber=131860

MARC

LEADER 00000nam0a2200000 4500
001 131860
005 20231031134628.0
035 |a (RuTPU)RU\TPU\book\142794 
090 |a 131860 
100 |a 20080222d1970 k y0rusy50 ca 
101 0 |a rus 
102 |a UA 
105 |a a z 001zy 
200 1 |a Синхронные реактивные двигатели  |f И. М. Постников, В. В. Ралле 
210 |a Киев  |c Технiка  |d 1970 
215 |a 148 с.  |c ил. 
320 |a Библиогр.: с. 142-146. 
610 1 |a синхронно-реактивные двигатели 
610 1 |a электродвигатели 
675 |a 621.313.323  |v 3 
700 1 |a Постников  |b И. М.  |g Иван Матвеевич 
701 1 |a Ралле  |b В. В.  |g Виктор Владимирович 
801 1 |a RU  |b 63413507  |c 20080222  |g PSBO 
801 2 |a RU  |b 63413507  |c 20100302  |g PSBO 
942 |c BK